Представление документа в формате RUSMARC

ПолеНазваниеЗначение
  Тип записи a
  Библиографический уровень m
001 Контрольный номер RU/УГОНБ/EK/68770
005 Дата корректировки 20260415144010.7
010 Индекс ISBN __
a ISBN 5-89756-016-1
d Цена 67 р. 20 к.
9 Тираж 11000 экз.
100 Данные общей обработки __
a Данные общей обработки 20000316d1999 u u0rusy0189 ca
101 Язык документа 0_
a Язык текста rus
102 Страна публикации __
a Страна публикации RU
105 Кодированные данные (монография) __
a Кодированные данные (монография) y z 000yy
200 Заглавие и сведения об ответственности 1_
a Заглавие Что такое арест и как с ним бороться
e Сведения, относящиеся к заглавию практическое пособие для человека, попавшего в экстремальную ситуацию
f Первые сведения об ответственности Д. О. Якубовский, И. П. Якубовская
210 Выходные данные 1_
a Место издания Москва
c Издательство Политбюро
d Дата издания 1999
215 Физическое описание __
a Объем 575 с.
d Формат 21 см
606 Тематические рубрики 0_
a Основная рубрика Права человека
x Основная подрубрика Защита
x Основная подрубрика Российская Федерация
606 Тематические рубрики 0_
a Основная рубрика Личные права и свободы граждан
x Основная подрубрика Правовая охрана
610 Ключевые слова 0_
a Ключевые слова права человека
610 Ключевые слова 0_
a Ключевые слова права личности
610 Ключевые слова 0_
a Ключевые слова свобода граждан
686 Индексы других классификаций __
a Классификационный индекс 67.620.323
2 Код системы rubbk
700 Автор _1
a Фамилия Якубовский
b Имя (инициалы) Д. О.
g Полное личное имя Дмитрий Олегович
701 Альтернативная интеллектуальная ответственность _1
a Фамилия Якубовская
b Имя (инициалы) И. П.
801 Источник записи _0
a Страна RU
b Организация Ульяновская ОНБ
c Дата составления 20000316
g Правила каталогизации PSBO
801 Источник записи _1
a Страна RU
b Организация Ульяновская ОНБ
c Дата составления 20000316
901 Тип документа __
t Тип документа m
938 Служебная информация __
a Имя БД books
b Имя библиотеки УОНБ
c Имя АИБС МАРК-SQL
d Номер DOC_ID в БД 187954